000 00433nam a2200169Ia 4500
008 180921t2015 xxu||||| |||| 00| 0 sin d
041 _asin
080 _aXමාතර
_bDHA
100 _aRanaveera, Denagama Dhammika
245 _aමාතර උරුමය
246 _aMathara Urumaya
260 _bGodage
_aColombo
_c2015
300 _b240p, 22cm
942 _cBK
999 _c1374
_d1374
003 LK-CoDNM
040 _aLK-CoDNM
_dLK-CoDNM
_eLK-CoDNM